[Event "ESP-ch U12"]
[Site "Granada"]
[Date "2016.07.08"]
[Round "7"]
[White "Ingunza Curro, Andres"]
[Black "Serrera Sanchez Romo, Sergio"]
[Result "1-0"]
[WhiteElo "1740"]
[BlackElo "1644"]
[PlyCount "88"]
[EventDate "2016.07.04"]
[EventType "swiss"]
[EventRounds "9"]
[EventCountry "ESP"]
[SourceTitle "EXT 2024"]
[Source "ChessBase"]
[SourceDate "2023.10.10"]
[SourceVersion "1"]
[SourceVersionDate "2023.10.10"]
[SourceQuality "1"]

1. e4 c5 2. Nc3 e6 3. f4 Nc6 4. Nf3 Nge7 5. g3 d5 6. d3 g6 7. Bg2 Bg7 8. 0-0 0-0 9. Qe2 b6 10. Bd2 Bb7 11. Be1 Nb4 12. a3 Rc8 13. Bf2 Nbc6 14. e5 Ba6 15. d4 c4 16. h3 b5 17. Qd2 Rb8 18. Ne2 Bc8 19. c3 Na5 20. Nc1 Bd7 21. Qc2 Qb6 22. Nd2 Rfc8 23. Na2 Nac6 24. Rac1 a5 25. b3 cxb3 26. Nxb3 Bf8 27. Nc5 Rc7 28. Rb1 Qa7 29. Nc1 Nc8 30. N1d3 Rb6 31. Qd2 Nb8 32. g4 Na6 33. f5 Ne7 34. fxe6 Bxe6 35. Nxe6 fxe6 36. Be3 Nc6 37. Bh6 Bxh6 38. Qxh6 Rf7 39. Nf4 Nd8 40. h4 Rg7 41. Nh3 Nf7 42. Qf4 Qe7 43. Qf6 Nc7 44. Ra1 Qd8 1-0

[Event "ESP-ch U12"]
[Site "Granada"]
[Date "2016.07.06"]
[Round "4"]
[White "Serrera Sanchez Romo, Sergio"]
[Black "Vergara Anton, Diego"]
[Result "1-0"]
[WhiteElo "1644"]
[BlackElo "1420"]
[PlyCount "42"]
[EventDate "2016.07.04"]
[EventType "swiss"]
[EventRounds "9"]
[EventCountry "ESP"]
[SourceTitle "EXT 2024"]
[Source "ChessBase"]
[SourceDate "2023.10.10"]
[SourceVersion "1"]
[SourceVersionDate "2023.10.10"]
[SourceQuality "1"]

1. e4 c5 2. Nf3 e6 3. d4 cxd4 4. Nxd4 Nf6 5. Nc3 d6 6. Be2 Be7 7. 0-0 Nc6 8. Be3 a6 9. Kh1 Qc7 10. f4 Bd7 11. a3 Rc8 12. Qe1 0-0 13. Qg3 Kh8 14. Rae1 b5 15. Bd3 e5 16. fxe5 Nxe5 17. Nf5 Bxf5 18. Nb1 Ng8 19. Bc1 Nxd3 20. Rxf5 Rfd8 21. cxd3 Qd7 1-0